[Event "NK Senioren 2024"]
[Site "Dieren, Netherlands"]
[Date "2024.07.13"]
[Round "1"]
[White "Van Rijn, Anton"]
[WhiteElo "2208"]
[Black "Houweling, Bert"]
[BlackElo "1980"]
[Result "1-0"]

1. d4 Nf6 2. Nf3 c5 3. c3 g6 4. dxc5 Bg7 5. g3 O-O 6. Bg2 Ne4 7. Qd5 Nf6 8. Qc4
Qc7 9. Na3 Na6 10. Be3 e5 11. O-O d5 12. cxd6 Qxd6 13. h3 Be6 14. Qh4 Bd5 15.
Nc4 Bxc4 16. Qxc4 Nd5 17. Bg5 Rac8 18. Qb3 Nc5 19. Qa3 h6 20. Bc1 a6 21. Rd1
Qe6 22. Ng5 hxg5 23. Rxd5 b6 24. Bxg5 e4 25. Rad1 Be5 26. Be3 Nd3 27. Bxe4 Nc5
28. Bg2 1-0

[Event "NK Senioren 2024"]
[Site "Dieren, Netherlands"]
[Date "2024.07.13"]
[Round "1"]
[White "Poelstra, Ben"]
[Black "Homs, Guust"]
[Result "0-1"]
[WhiteElo "1974"]
[BlackElo "2142"]
[PlyCount "78"]
[EventDate "2024.??.??"]

1. e4 e5 2. Nf3 Nc6 3. d4 exd4 4. Nxd4 Nf6 5. Nc3 Bb4 6. Nxc6 bxc6 7. Bd3 d5 8.
exd5 O-O 9. O-O Bg4 10. f3 Bh5 11. dxc6 Qd4+ 12. Kh1 Bxc3 13. bxc3 Qxc3 14. Rb1
Qxc6 15. Ba3 Rfb8 16. Qe2 Bg6 17. Rb3 Rb6 18. Bb2 Re8 19. Qf2 Bxd3 20. cxd3 Qe6
21. Bd4 Rxb3 22. axb3 a6 23. b4 Nd5 24. Qg3 f6 25. Bf2 Qf5 26. f4 Qxf4 27. Qxf4
Nxf4 28. Rd1 Re2 29. Bg3 Nd5 30. h3 f5 31. d4 f4 32. Bh2 g5 33. Rc1 Ne3 34.
Rxc7 Nxg2 35. d5 f3 36. Bg3 Ne3 37. d6 Nf5 38. Bf2 Rxf2 39. d7 Ng3+ 0-1

[Event "NK Senioren 2024"]
[Site "Dieren, Netherlands"]
[Date "2024.07.13"]
[Round "1"]
[White "Bottema, Tom"]
[WhiteElo "2140"]
[Black "Beukema, Henk Jan"]
[BlackElo "1971"]
[Result "1-0"]

1. g3 d5 2. f4 h5 3. Nh3 h4 4. Nf2 Nf6 5. Bg2 c6 6. e3 Nbd7 7. d4 g6 8. g4 Bg7
9. O-O Nb6 10. h3 Nc4 11. b3 Nd6 12. Nd2 b6 13. c4 Bb7 14. Bb2 Qd7 15. Rc1 Rc8
16. a4 dxc4 17. bxc4 O-O 18. e4 Nde8 19. e5 Nh7 20. Nfe4 f6 21. Nf3 f5 22. gxf5
gxf5 23. Neg5 Bh6 24. Qe1 Bxg5 25. fxg5 Qe6 26. Qxh4 Qg6 27. Ba3 Rf7 28. Qf4 e6
29. Rc3 Kh8 30. Nh4 Qxg5 31. Rg3 Qxf4 32. Ng6+ Kg8 33. Ne7+ Kf8 34. Rg8# 1-0

[Event "NK Senioren 2024"]
[Site "Dieren, Netherlands"]
[Date "2024.07.13"]
[Round "1"]
[White "Perrenet, Jacob"]
[Black "Van den Dikkenberg, Erik"]
[Result "1-0"]
[WhiteElo "1970"]
[BlackElo "2110"]
[PlyCount "81"]
[EventDate "2024.??.??"]

1. Nc3 c5 2. d4 cxd4 3. Qxd4 Nc6 4. Qh4 d5 5. e4 d4 6. Nd5 Nf6 7. Nxf6+ exf6 8.
Nf3 Bb4+ 9. Bd2 Qa5 10. Bd3 Ne5 11. Qf4 Nxf3+ 12. gxf3 O-O 13. a3 Bxd2+ 14.
Qxd2 Qb6 15. O-O-O Be6 16. Rhg1 Rfc8 17. e5 f5 18. Kb1 Rc3 19. Rxg7+ Kxg7 20.
Rg1+ Kf8 21. Qh6+ Ke7 22. Qf6+ Kd7 23. Bxf5 Bxf5 24. Qxf5+ Kc6 25. Qf6+ Kc5 26.
Qe7+ Kd5 27. Qxf7+ Qe6 28. Qxe6+ Kxe6 29. bxc3 dxc3 30. Re1 a5 31. f4 Rf8 32.
Re4 b5 33. Kc1 Rg8 34. Kd1 Rg1+ 35. Ke2 Kd5 36. f3 b4 37. axb4 a4 38. e6 Rg8
39. e7 Re8 40. Kd3 a3 41. Kxc3 1-0

[Event "NK Senioren 2024"]
[Site "Dieren, Netherlands"]
[Date "2024.07.13"]
[Round "1"]
[White "Leenes, Robert"]
[Black "Lootsma, Jan"]
[Result "1/2-1/2"]
[WhiteElo "2100"]
[BlackElo "1963"]
[PlyCount "53"]
[EventDate "2024.??.??"]

1. d4 e6 2. Nc3 d5 3. Nf3 Nf6 4. Bg5 c5 5. e4 cxd4 6. Nxd4 Be7 7. exd5 Nxd5 8.
Bxe7 Qxe7 9. Bb5+ Bd7 10. Nxd5 exd5+ 11. Qe2 Nc6 12. Qxe7+ Kxe7 13. Bxc6 bxc6
14. O-O-O Rhe8 15. Rhe1+ Kd6 16. b4 Rxe1 17. Rxe1 a5 18. a3 axb4 19. axb4 Ra4
20. c3 Ra1+ 21. Kd2 Rxe1 22. Kxe1 c5 23. bxc5+ Kxc5 24. Kd2 Kc4 25. Nc2 g6 26.
Ne3+ Kc5 27. Nc2 1/2-1/2

[Event "NK Senioren 2024"]
[Site "Dieren, Netherlands"]
[Date "2024.07.13"]
[Round "1"]
[White "Veenstra, Wopke"]
[Black "Schouten, Nico"]
[Result "1/2-1/2"]
[WhiteElo "1961"]
[BlackElo "2094"]
[PlyCount "59"]
[EventDate "2024.??.??"]

1. e4 e5 2. Nf3 Nc6 3. Bc4 Nf6 4. d4 exd4 5. e5 Ne4 6. Qe2 Nc5 7. O-O Be7 8. c3
d3 9. Bxd3 Nxd3 10. Qxd3 O-O 11. Bf4 f6 12. Qd5+ Kh8 13. exf6 Bxf6 14. Bg5 d6
15. Nbd2 Bg4 16. h3 Bxf3 17. Nxf3 Qd7 18. Rae1 Qf7 19. Qxf7 Rxf7 20. Re6 Raf8
21. Bxf6 gxf6 22. Rfe1 Ne5 23. Nd4 Nd3 24. Rb1 f5 25. Re3 Nc5 26. Rbe1 Na4 27.
R3e2 a6 28. Ne6 Rg8 29. Nf4 Nc5 30. Re7 1/2-1/2

[Event "NK Senioren 2024"]
[Site "Dieren, Netherlands"]
[Date "2024.07.13"]
[Round "1"]
[White "Bus, Tom"]
[Black "Visser, Gerrit"]
[Result "1-0"]
[WhiteElo "2075"]
[BlackElo "1960"]
[PlyCount "66"]
[EventDate "2024.??.??"]

1. Nf3 c5 2. g3 Nc6 3. Bg2 g6 4. O-O Bg7 5. c4 Nf6 6. Nc3 O-O 7. d4 cxd4 8.
Nxd4 Nxd4 9. Qxd4 d6 10. Qd3 Nd7 11. b3 Nc5 12. Qd2 a5 13. Bb2 a4 14. Nd5 axb3
15. Bxg7 Kxg7 16. axb3 Rxa1 17. Rxa1 Kg8 18. Qc3 Be6 19. b4 Na6 20. h4 Bxd5 21.
Bxd5 Qb6 22. Rb1 Nc7 23. Bf3 e5 24. h5 Ne6 25. e3 gxh5 26. Kg2 Ng5 27. Bd5 h6
28. Rh1 Kh7 29. f4 exf4 30. gxf4 Qd8 31. fxg5 Qxg5+ 32. Kf2 Rg8 33. Ke2 Ra8 1-0

[Event "NK Senioren 2024"]
[Site "Dieren, Netherlands"]
[Date "2024.07.13"]
[Round "1"]
[White "Helmond, Frans"]
[Black "Schouten, Henk"]
[Result "1/2-1/2"]
[WhiteElo "1957"]
[BlackElo "2068"]
[PlyCount "81"]
[EventDate "2024.??.??"]

1. e4 c5 2. c3 d5 3. exd5 Qxd5 4. d4 e6 5. Nf3 Nf6 6. Be2 Be7 7. O-O O-O 8. Be3
cxd4 9. cxd4 Nc6 10. Nc3 Qa5 11. a3 Nd5 12. Nxd5 Qxd5 13. Rc1 Rd8 14. Bc4 Qd6
15. Qe2 Bf6 16. Rfd1 Ne7 17. Bg5 Bxg5 18. Nxg5 Qf4 19. Qe3 Qxe3 20. fxe3 h6 21.
Nf3 Nd5 22. Kf2 Nf6 23. Ne5 Bd7 24. Bd3 Ba4 25. Rf1 Rac8 26. Ke2 Bb3 27. g4 Bd5
28. h4 Rxc1 29. Rxc1 Ne4 30. Rc7 Nd6 31. g5 hxg5 32. hxg5 a6 33. g6 f5 34. Bc4
Bxc4+ 35. Nxc4 Rc8 36. Rxc8+ Nxc8 37. Kf3 Kf8 38. e4 fxe4+ 39. Kxe4 Ke7 40. Ke5
Na7 41. d5 1/2-1/2

[Event "NK Senioren 2024"]
[Site "Dieren, Netherlands"]
[Date "2024.07.13"]
[Round "1"]
[White "Boersma, Jan"]
[Black "Etmans, Maarten"]
[Result "1/2-1/2"]
[WhiteElo "2041"]
[BlackElo "1954"]
[PlyCount "51"]
[EventDate "2024.??.??"]

1. e4 e6 2. d4 d5 3. Nc3 dxe4 4. Nxe4 Bd7 5. Nf3 Bc6 6. Bd3 Nd7 7. Qe2 Bxe4 8.
Bxe4 c6 9. c3 Be7 10. O-O Ngf6 11. Bc2 O-O 12. Re1 c5 13. dxc5 Bxc5 14. Bg5 a5
15. Rad1 Qc7 16. Nd4 Bxd4 17. Rxd4 Qc5 18. Be3 Qe7 19. Bg5 Qc5 20. Qe3 e5 21.
Bxh7+ Nxh7 22. Rxd7 Qb5 23. Rd2 f6 24. Bh4 Qa4 25. Bg3 Qxa2 26. Red1 1/2-1/2

[Event "NK Senioren 2024"]
[Site "Dieren, Netherlands"]
[Date "2024.07.13"]
[Round "1"]
[White "Ten Ham, John"]
[WhiteElo "1954"]
[Black "Ellenbroek, Ton"]
[BlackElo "2037"]
[Result "1/2-1/2"]

1. d4 Nf6 2. c4 g6 3. Nc3 d5 4. e3 Bg7 5. Nf3 O-O 6. Be2 c5 7. O-O b6 8. dxc5
Bb7 9. cxb6 axb6 10. cxd5 Nxd5 11. Bd2 Na6 12. Nxd5 Bxd5 13. Bc3 Bxc3 14. bxc3
Nc5 15. c4 Bb7 16. Qxd8 Rfxd8 17. Rfd1 Rxd1+ 18. Bxd1 Ra3 19. Nd2 Bc8 20. Nb3
Ne4 21. f3 Nc3 22. c5 b5 23. Nd4 e5 24. Nc6 Be6 25. Nxe5 Nxd1 26. Rxd1 Rxe3 27.
Nd7 Bxa2 28. Rc1 Be6 29. c6 b4 30. Nf6+ Kg7 31. Ne4 b3 32. Kf2 Rd3 33. Nc5 Rd8
34. Nxe6+ fxe6 35. c7 Rc8 36. Rb1 Rxc7 37. Rxb3 h5 38. h4 Kf6 39. Rb4 Rc2+ 40.
Kg3 e5 41. Rb6+ Kf5 42. Rb4 Rd2 43. Re4 Ra2 1/2-1/2

[Event "NK Senioren 2024"]
[Site "Dieren, Netherlands"]
[Date "2024.07.13"]
[Round "1"]
[White "Van Oosten, Arend"]
[WhiteElo "2031"]
[Black "Hazenberg, Frans"]
[BlackElo "1947"]
[Result "1-0"]

1. e4 c5 2. Nc3 Nc6 3. g3 g6 4. Bg2 Bg7 5. d3 e6 6. Be3 b6 7. f4 Nge7 8. Nf3
O-O 9. O-O Nd4 10. Bxd4 cxd4 11. Nb5 Nc6 12. e5 f6 13. Nbxd4 Bb7 14. Nxc6 dxc6
15. exf6 Bxf6 16. d4 Rc8 17. c3 Qe7 18. Qe2 Rfe8 19. Rfe1 c5 20. dxc5 Qxc5+ 21.
Qf2 Qxf2+ 22. Kxf2 Bxf3 23. Bxf3 e5 24. fxe5 Rxe5 25. Rxe5 Bxe5 26. Rd1 Rc7 27.
Rd8+ Kf7 28. Ke3 Ke7 29. Ra8 Kd6 30. Ke4 Rc4+ 31. Kd3 Rc7 32. Be4 Ke6 33. Rf8
Kd6 34. Rf2 Ke6 35. c4 Kd6 36. Bd5 b5 37. b3 bxc4+ 38. bxc4 Kc5 39. Rf8 Re7 40.
Rc8+ Rc7 41. Rb8 Kd6 42. Rb3 Re7 43. Ra3 Rc7 44. Ra6+ Kc5 45. a3 Bd6 46. Ke4
Re7+ 47. Kf3 Be5 48. Ke4 Bg7+ 49. Kd3 Rc7 50. g4 Be5 51. h3 g5 52. Ke4 Bf4 53.
Ra5+ Kd6 54. Kf5 Rg7 55. h4 Bd2 56. Ra6+ Kc5 57. h5 Bc1 58. Kf6 Bb2+ 59. Ke6
Rc7 60. Ra5+ Kd4 61. Kd6 Rg7 62. c5 Bc1 63. Ra4+ Kd3 64. c6 Bf4+ 65. Rxf4 1-0

[Event "NK Senioren 2024"]
[Site "Dieren, Netherlands"]
[Date "2024.07.13"]
[Round "1"]
[White "Janssen, Toon"]
[Black "Vogel, Jaap"]
[Result "1/2-1/2"]
[WhiteElo "1944"]
[BlackElo "2020"]
[PlyCount "30"]
[EventDate "2024.??.??"]

1. Nf3 d5 2. g3 c5 3. c4 Nf6 4. Bg2 Nc6 5. O-O d4 6. d3 e5 7. b4 cxb4 8. a3
bxa3 9. Bxa3 Bxa3 10. Nxa3 O-O 11. Qc2 Qe7 12. Rfb1 Re8 13. Nb5 Nb4 14. Rxb4
Qxb4 15. Nc7 Bg4 1/2-1/2

[Event "NK Senioren 2024"]
[Site "Dieren, Netherlands"]
[Date "2024.07.13"]
[Round "1"]
[White "Van Wageningen, Arie"]
[Black "Hageman, Ger"]
[Result "0-1"]
[WhiteElo "2017"]
[BlackElo "1925"]
[PlyCount "32"]
[EventDate "2024.??.??"]

1. Nf3 d5 2. d4 Nf6 3. g3 c5 4. dxc5 e6 5. Bg2 Bxc5 6. O-O Nc6 7. a3 a5 8. Bf4
O-O 9. Nc3 Bd7 10. Qd3 Qe7 11. e4 d4 12. Na4 Ba7 13. e5 Nd5 14. Ng5 f5 15. exf6
gxf6 16. Bxd5 fxg5 0-1

[Event "NK Senioren 2024"]
[Site "Dieren, Netherlands"]
[Date "2024.07.13"]
[Round "1"]
[White "Massink, Henk"]
[Black "Knuiman, Jan"]
[Result "0-1"]
[WhiteElo "1924"]
[BlackElo "1998"]
[PlyCount "98"]
[EventDate "2024.??.??"]

1. b3 e5 2. Bb2 Nc6 3. e3 d5 4. Bb5 Bd6 5. f4 Qe7 6. Nf3 Bg4 7. fxe5 Bxe5 8.
Bxe5 Bxf3 9. Qxf3 Qxe5 10. Nc3 Nf6 11. O-O-O O-O 12. d4 Qd6 13. Kb2 Rae8 14. g4
a6 15. Bd3 Nb4 16. g5 Nd7 17. Bf5 Nb6 18. a3 g6 19. Bh3 Nc6 20. Rde1 f6 21. Qg2
f5 22. Qd2 Na5 23. Bf1 Nc6 24. Bd3 Re7 25. h4 Qg3 26. h5 Qxg5 27. hxg6 hxg6 28.
Qh2 Rg7 29. Nd1 Re8 30. c3 Nc8 31. Reg1 Qf6 32. Qf4 Nd6 33. Nf2 Kf7 34. Rg5 Ke7
35. Rhg1 Kd8 36. c4 dxc4 37. bxc4 b6 38. Kc2 Qe7 39. R5g3 Na5 40. c5 bxc5 41.
Bxa6 Qe6 42. dxc5 Qb3+ 43. Kd2 Ndc4+ 44. Ke2 Nxe3 45. Qg5+ Kd7 46. Nd3 Ng4+ 47.
Kd2 Qa2+ 48. Kd1 Re2 49. Nb4 Nf2+ 0-1

[Event "NK Senioren 2024"]
[Site "Dieren, Netherlands"]
[Date "2024.07.13"]
[Round "1"]
[White "Jonkman, Fokke"]
[Black "Goris, Ton"]
[Result "1-0"]
[WhiteElo "1996"]
[BlackElo "1914"]
[PlyCount "65"]
[EventDate "2024.??.??"]

1. c4 c5 2. Nf3 Nc6 3. d4 cxd4 4. Nxd4 e6 5. g3 Nf6 6. Nc3 Qb6 7. Nb3 Bb4 8.
Bg2 O-O 9. O-O Bxc3 10. bxc3 Qc7 11. Ba3 Rd8 12. Bd6 Qb6 13. c5 Qa6 14. Nd4 Ne8
15. Nxc6 dxc6 16. Qc2 Nxd6 17. Rfd1 b5 18. cxd6 Bd7 19. a4 Rdb8 20. Qd3 Qb6 21.
Rdb1 a6 22. h4 Qc5 23. a5 b4 24. cxb4 Rxb4 25. Rc1 Qd4 26. Bxc6 Bxc6 27. Qxd4
Rxd4 28. Rxc6 g6 29. Rb1 Rd5 30. Rbb6 Rxa5 31. d7 Rf8 32. Rc8 Rd5 33. Rbb8 1-0

[Event "NK Senioren 2024"]
[Site "Dieren, Netherlands"]
[Date "2024.07.13"]
[Round "1"]
[White "Wille, Erik"]
[Black "Dijkstra, Matthijs"]
[Result "0-1"]
[WhiteElo "1901"]
[BlackElo "1981"]
[PlyCount "106"]
[EventDate "2024.??.??"]

1. d4 f5 2. Nc3 Nf6 3. e4 fxe4 4. f3 e3 5. Bxe3 Nc6 6. d5 Ne5 7. Qd4 d6 8.
O-O-O c5 9. Qh4 Bd7 10. g4 g6 11. Qg3 Qa5 12. h3 O-O-O 13. f4 Nf7 14. Nf3 e6
15. Bc4 Qb4 16. Nd2 e5 17. a3 Qa5 18. Rhf1 Be7 19. Nb3 Qc7 20. Rfe1 a6 21. Bxc5
Be8 22. fxe5 Nxe5 23. Rxe5 dxe5 24. Bxe7 Qxe7 25. Qf2 Kb8 26. Bxa6 Rf8 27. Qb6
Qc7 28. Qb4 Bf7 29. d6 Qc6 30. Bb5 Qf3 31. Na5 Qf4+ 32. Qxf4 exf4 33. Rd4 g5
34. Rb4 Nd5 35. Nxd5 Bxd5 36. Bc6 Rxd6 37. Bxb7 Kc7 38. c4 Bxb7 39. Rxb7+ Kc8
40. c5 Rd7 41. Rxd7 Kxd7 42. Kd2 Ke6 43. Ke2 Kd5 44. b4 Ra8 45. c6 Rxa5 46.
bxa5 Kxc6 47. a4 Kb7 48. Kd3 Ka6 49. Kd4 Kxa5 50. Kd3 Kxa4 51. Kc4 Ka3 52. Kc3
Ka2 53. Kc2 h6 0-1

[Event "NK Senioren 2024"]
[Site "Dieren, Netherlands"]
[Date "2024.07.14"]
[Round "2"]
[White "Knuiman, Jan"]
[WhiteElo "1998"]
[Black "Van Rijn, Anton"]
[BlackElo "2208"]
[Result "0-1"]

1. e4 d6 2. d4 Nf6 3. Nc3 g6 4. Nf3 Bg7 5. Be3 a6 6. a4 O-O 7. Be2 b6 8. O-O c5
9. Nd2 cxd4 10. Bxd4 Bb7 11. Nc4 Nbd7 12. Nd5 Nxe4 13. Bxg7 Kxg7 14. Ndxb6 Nxb6
15. Qd4+ Nf6 16. Qxb6 Qd7 17. Qd4 Qc7 18. Qb6 Rfc8 19. Qxc7 Rxc7 20. Bd3 Rb8
21. a5 Be4 22. Nb6 Bxd3 23. cxd3 e6 24. Rfc1 Rbb7 25. b4 Ne8 26. Rc4 d5 27. Rc5
Kf6 28. Rac1 Ke5 29. Kf1 Kd4 30. Ke2 Rxc5 31. Rxc5 Rc7 32. Na4 e5 33. f3 f5 34.
Kd2 e4 35. fxe4 fxe4 36. dxe4 dxe4 37. Ke2 Rxc5 38. Nxc5 Nc7 39. Kd2 h6 40. h4
Ke5 41. g3 Kd4 42. g4 Ke5 43. h5 g5 44. Nd7+ Kf4 45. Nf6 Kf3 46. Ke1 e3 47. Kf1
Nb5 48. Nd5 Nd4 49. Nc3 e2+ 50. Nxe2 Nxe2 51. b5 Nd4 0-1

[Event "NK Senioren 2024"]
[Site "Dieren, Netherlands"]
[Date "2024.07.14"]
[Round "2"]
[White "Homs, Guust"]
[Black "Jonkman, Fokke"]
[Result "1-0"]
[WhiteElo "2142"]
[BlackElo "1996"]
[PlyCount "99"]
[EventDate "2024.??.??"]

1. e4 c5 2. c3 e6 3. d4 d5 4. exd5 exd5 5. Be3 c4 6. b3 cxb3 7. axb3 Nf6 8. Bd3
Nc6 9. h3 Bd6 10. Qf3 h6 11. Nd2 Be6 12. Ne2 a6 13. O-O Qd7 14. Rfe1 Ne7 15.
Bf4 Bxf4 16. Nxf4 Rc8 17. Nxe6 fxe6 18. Rac1 O-O 19. Qe3 Rc6 20. Nf3 Qc8 21.
Ne5 Rc7 22. Ng6 Nxg6 23. Bxg6 Rc6 24. Qg3 Nd7 25. Bb1 Rf6 26. Qd3 Nf8 27. Re3
Qc7 28. Rce1 Qf7 29. R1e2 Ng6 30. g3 Nf8 31. c4 g5 32. c5 Ng6 33. b4 Ne7 34. b5
axb5 35. Qxb5 Nf5 36. Bxf5 Rxf5 37. Rb3 Rc7 38. Qb6 Rf6 39. Qd6 Qe7 40. Qe5 Kf7
41. Reb2 Kg6 42. Rb6 h5 43. f4 gxf4 44. gxf4 Kh7 45. Rg2 Rf5 46. Qe3 Qf7 47.
Rxe6 Rxf4 48. Re5 Rf1+ 49. Kh2 Rf3 50. Qg5 1-0

[Event "NK Senioren 2024"]
[Site "Dieren, Netherlands"]
[Date "2024.07.14"]
[Round "2"]
[White "Dijkstra, Matthijs"]
[Black "Bottema, Tom"]
[Result "1/2-1/2"]
[WhiteElo "1981"]
[BlackElo "2140"]
[PlyCount "74"]
[EventDate "2024.??.??"]

1. c4 g6 2. g3 f5 3. Nf3 Nh6 4. d4 Nf7 5. Nc3 Bg7 6. Bg2 O-O 7. O-O d6 8. Ng5
Nxg5 9. Bxg5 h6 10. Be3 c6 11. d5 e5 12. dxe6 Bxe6 13. Qd2 Qf6 14. Rad1 Nd7 15.
Bd4 Qxd4 16. Qxd4 Bxd4 17. Rxd4 Ne5 18. b3 Nf7 19. e4 g5 20. f4 Rad8 21. Bh3
gxf4 22. exf5 Bc8 23. Rdxf4 Rde8 24. Ne4 Kh8 25. Bg2 Re5 26. g4 Rd8 27. Ng3
Rde8 28. Rd4 Kg7 29. Rfd1 Kf8 30. Kf2 Kg7 31. Re4 Kf6 32. Rxe5 Rxe5 33. Ne4+
Ke7 34. h4 a5 35. Re1 Kf8 36. Re2 h5 37. gxh5 Bxf5 1/2-1/2

[Event "NK Senioren 2024"]
[Site "Dieren, Netherlands"]
[Date "2024.07.14"]
[Round "2"]
[White "Perrenet, Jacob"]
[Black "Bus, Tom"]
[Result "0-1"]
[WhiteElo "1970"]
[BlackElo "2075"]
[PlyCount "42"]
[EventDate "2024.??.??"]

1. f4 Nf6 2. Nf3 g6 3. g3 Bg7 4. Bg2 O-O 5. b3 d6 6. Bb2 c5 7. O-O Nc6 8. Na3
Rb8 9. Qe1 b5 10. e4 Ba6 11. e5 Nd7 12. Ng5 Ncxe5 13. fxe5 Nxe5 14. Bxe5 Bxe5
15. Nxf7 Rxf7 16. Bd5 e6 17. Bxe6 Bd4+ 18. Kg2 Bb7+ 19. Kh3 Qg5 20. Bxf7+ Kg7
21. Qe2 Qh6+ 0-1

[Event "NK Senioren 2024"]
[Site "Dieren, Netherlands"]
[Date "2024.07.14"]
[Round "2"]
[White "Hageman, Ger"]
[WhiteElo "1925"]
[Black "Van Oosten, Arend"]
[BlackElo "2031"]
[Result "1/2-1/2"]

1. d4 e6 2. c4 f5 3. g3 Nf6 4. Bg2 c6 5. Nf3 d5 6. O-O Bd6 7. Nc3 Nbd7 8. b3
O-O 9. Bf4 Bxf4 10. gxf4 Ne4 11. Qc2 Ndf6 12. e3 Bd7 13. Ne5 Be8 14. Rac1 Bh5
15. Na4 Nd7 16. b4 Nxe5 17. dxe5 dxc4 18. f3 b5 19. fxe4 bxa4 20. Qxc4 fxe4 21.
Bxe4 Qd2 22. Rfe1 Bg4 23. Bxc6 Rad8 24. a3 Rd3 25. Qc2 Qxc2 26. Rxc2 Rxa3 27.
Rd2 Rb3 28. b5 a3 29. Rd7 Rf7 30. Rd8+ Rf8 31. Rd7 1/2-1/2

[Event "NK Senioren 2024"]
[Site "Dieren, Netherlands"]
[Date "2024.07.14"]
[Round "2"]
[White "Etmans, Maarten"]
[Black "Leenes, Robert"]
[Result "1/2-1/2"]
[WhiteElo "1954"]
[BlackElo "2100"]
[PlyCount "49"]
[EventDate "2024.??.??"]

1. e4 c5 2. Nf3 d6 3. Bb5+ Bd7 4. Bxd7+ Qxd7 5. O-O Nc6 6. c3 d5 7. exd5 Qxd5
8. d4 e6 9. Be3 cxd4 10. cxd4 Nf6 11. Nc3 Qa5 12. Qb3 Qb4 13. Qc2 Be7 14. a3
Qd6 15. Rac1 O-O 16. Rfd1 h6 17. Ne4 Nxe4 18. Qxe4 Rfd8 19. Ne5 Nxe5 20. Qxe5
b6 21. Qe4 Rac8 22. Qb7 Rxc1 23. Rxc1 Rd7 24. Rc8+ Kh7 25. Rc2 1/2-1/2

[Event "NK Senioren 2024"]
[Site "Dieren, Netherlands"]
[Date "2024.07.14"]
[Round "2"]
[White "Schouten, Nico"]
[Black "Helmond, Frans"]
[Result "0-1"]
[WhiteElo "2094"]
[BlackElo "1957"]
[PlyCount "74"]
[EventDate "2024.??.??"]

1. d4 d5 2. c4 e6 3. Nc3 Nf6 4. Bg5 Be7 5. e3 O-O 6. Bd3 h6 7. Bf4 c6 8. b3
Nbd7 9. Nge2 Re8 10. O-O Nh5 11. Rc1 Nxf4 12. Nxf4 Bd6 13. Bb1 Nf6 14. Qc2 Bxf4
15. exf4 dxc4 16. bxc4 Qxd4 17. Ne2 Qc5 18. Rfd1 e5 19. Re1 Bg4 20. f5 Bxe2 21.
Qxe2 e4 22. Qe3 Qxf5 23. f3 Qg5 24. f4 Qh5 25. Bc2 Rad8 26. h3 Qa5 27. Re2 Qxa2
28. Bxe4 Qa5 29. Qf3 Nxe4 30. Rxe4 Rxe4 31. Qxe4 Qd2 32. Ra1 Qd4+ 33. Qxd4 Rxd4
34. Rxa7 Rxf4 35. Rxb7 Rxc4 36. Kh2 Rc3 37. Rc7 g5 0-1

[Event "NK Senioren 2024"]
[Site "Dieren, Netherlands"]
[Date "2024.07.14"]
[Round "2"]
[White "Schouten, Henk"]
[Black "Veenstra, Wopke"]
[Result "1/2-1/2"]
[WhiteElo "2068"]
[BlackElo "1961"]
[PlyCount "58"]
[EventDate "2024.??.??"]

1. e4 e5 2. Nc3 Nf6 3. Bc4 Bb4 4. d3 d5 5. exd5 Nxd5 6. Qf3 Be6 7. Nge2 Nc6 8.
O-O Bxc3 9. bxc3 O-O 10. Qg3 Qf6 11. Bd2 Nde7 12. Bxe6 Qxe6 13. Rfe1 Qg6 14. f4
Qxg3 15. Nxg3 exf4 16. Bxf4 Nd5 17. Bd2 Rfe8 18. Rab1 b6 19. Re4 Rxe4 20. Nxe4
f5 21. Ng5 h6 22. Nf3 g5 23. c4 Nde7 24. Bc3 Kf7 25. Re1 Ng6 26. Kf2 Re8 27.
Rxe8 Kxe8 28. Nd4 Nxd4 29. Bxd4 Kf7 1/2-1/2

[Event "NK Senioren 2024"]
[Site "Dieren, Netherlands"]
[Date "2024.07.14"]
[Round "2"]
[White "Lootsma, Jan"]
[Black "Boersma, Jan"]
[Result "1/2-1/2"]
[WhiteElo "1963"]
[BlackElo "2041"]
[PlyCount "42"]
[EventDate "2024.??.??"]

1. e4 c5 2. Nf3 g6 3. c3 d5 4. exd5 Qxd5 5. d4 Bg7 6. dxc5 Qxc5 7. Be3 Qc7 8.
Be2 Nf6 9. O-O O-O 10. Qc1 Nc6 11. Na3 Bg4 12. Nb5 Qb8 13. h3 Bxf3 14. Bxf3 Ne5
15. Be2 Nd5 16. Rd1 Nxe3 17. Qxe3 a6 18. Nd4 Qc7 19. Nf3 Rad8 20. Nxe5 Bxe5 21.
Bf3 b6 1/2-1/2

[Event "NK Senioren 2024"]
[Site "Dieren, Netherlands"]
[Date "2024.07.14"]
[Round "2"]
[White "Ellenbroek, Ton"]
[Black "Janssen, Toon"]
[Result "1-0"]
[WhiteElo "2037"]
[BlackElo "1944"]
[PlyCount "71"]
[EventDate "2024.??.??"]

1. d4 Nf6 2. c4 g6 3. Nc3 Bg7 4. e4 d6 5. Be2 c5 6. d5 O-O 7. Be3 b5 8. e5 dxe5
9. cxb5 Qc7 10. Nf3 Rd8 11. Qb3 Bb7 12. Rd1 Nbd7 13. O-O Nb6 14. Bc4 h6 15. Nh4
Rd6 16. Rd2 Rad8 17. Rfd1 Ng4 18. h3 Nxe3 19. fxe3 f5 20. e4 Qc8 21. a4 Kh7 22.
a5 Nxc4 23. Qxc4 e6 24. a6 Ba8 25. exf5 gxf5 26. Qf1 Bf6 27. Ne4 Bxh4 28. Nxd6
Rxd6 29. dxe6 Rxd2 30. Qxf5+ Kh8 31. Qxe5+ Kh7 32. Rxd2 Be7 33. Rd7 Qf8 34. Qc7
Kg6 35. Rxe7 Qf6 36. Qg3+ 1-0

[Event "NK Senioren 2024"]
[Site "Dieren, Netherlands"]
[Date "2024.07.14"]
[Round "2"]
[White "Vogel, Jaap"]
[Black "Ten Ham, John"]
[Result "1/2-1/2"]
[WhiteElo "2020"]
[BlackElo "1954"]
[PlyCount "70"]
[EventDate "2024.??.??"]

1. d4 d5 2. Nf3 Nf6 3. Bf4 e6 4. e3 Bd6 5. Bg3 Ne4 6. Nbd2 Nxg3 7. hxg3 c5 8.
c3 Nc6 9. Bb5 Bd7 10. Qc2 g6 11. g4 Rc8 12. a3 a6 13. Be2 cxd4 14. exd4 Qf6 15.
Qd3 Na5 16. g5 Qe7 17. Qe3 b5 18. Ne5 Nc4 19. Bxc4 bxc4 20. Ng4 Rb8 21. Rb1 Ba4
22. Nf6+ Kd8 23. Nf3 Bc2 24. Rc1 Rxb2 25. Qd2 Bxa3 26. Rxc2 Rb1+ 27. Ke2 Rxh1
28. Ne5 Kc7 29. Ra2 Rb8 30. Qf4 Bd6 31. Rxa6 Rhb1 32. Nxh7 R1b3 33. Rxd6 Qxd6
34. Qxf7+ Kb6 35. Nd7+ Ka5 1/2-1/2

[Event "NK Senioren 2024"]
[Site "Dieren, Netherlands"]
[Date "2024.07.14"]
[Round "2"]
[White "Van den Dikkenberg, Erik"]
[Black "Visser, Gerrit"]
[Result "1-0"]
[WhiteElo "2110"]
[BlackElo "1960"]
[PlyCount "77"]
[EventDate "2024.??.??"]

1. e4 c5 2. Nc3 Nc6 3. f4 d6 4. Bb5 a6 5. Bxc6+ bxc6 6. Nf3 Nf6 7. O-O g6 8. d3
Bg7 9. Qe1 O-O 10. Qh4 Qb6 11. Kh1 h6 12. e5 dxe5 13. fxe5 Ng4 14. h3 Nxe5 15.
Nxe5 Bxe5 16. Qxe7 Bg7 17. Ne4 Qd8 18. Qxc5 Qd5 19. Nf6+ Bxf6 20. Qxd5 cxd5 21.
Rxf6 Kg7 22. Rd6 Be6 23. b3 Rfc8 24. c4 dxc4 25. dxc4 Rd8 26. Bb2+ Kf8 27. Rad1
Rxd6 28. Rxd6 Ke7 29. Ba3 Kf6 30. Kg1 Ke5 31. c5 a5 32. Kf2 a4 33. Bb2+ Ke4 34.
Rd4+ Kf5 35. g4+ Kg5 36. Kg3 h5 37. h4+ Kh6 38. g5+ Kh7 39. Rxa4 1-0

[Event "NK Senioren 2024"]
[Site "Dieren, Netherlands"]
[Date "2024.07.14"]
[Round "2"]
[White "Hazenberg, Frans"]
[Black "Van Wageningen, Arie"]
[Result "1-0"]
[WhiteElo "1947"]
[BlackElo "2017"]
[PlyCount "81"]
[EventDate "2024.??.??"]

1. d4 d5 2. c4 e6 3. Nf3 Nf6 4. g3 Be7 5. Bg2 O-O 6. O-O dxc4 7. Qc2 c5 8. Rd1
cxd4 9. Nxd4 Qc7 10. Na3 Bxa3 11. Nb5 Qe5 12. Nxa3 Nc6 13. Bf4 Qh5 14. Bd6 Re8
15. Nxc4 Bd7 16. e4 e5 17. Bc5 b6 18. Bxb6 axb6 19. Nxb6 Nd4 20. Rxd4 exd4 21.
Nxa8 Rxa8 22. a4 Rc8 23. Qd2 Qc5 24. h3 Ne8 25. a5 Nd6 26. a6 Nb5 27. Ra5 Qc7
28. Bf1 Na7 29. Rd5 h6 30. Rxd4 Bc6 31. b4 Nb5 32. Rc4 Qb6 33. Rc5 Ra8 34. Bxb5
Bxb5 35. Qd5 Qxa6 36. Rxb5 Re8 37. Ra5 Qc8 38. Ra7 Rf8 39. b5 Qxh3 40. b6 Qc8
41. b7 1-0

[Event "NK Senioren 2024"]
[Site "Dieren, Netherlands"]
[Date "2024.07.14"]
[Round "2"]
[White "Houweling, Bert"]
[Black "Massink, Henk"]
[Result "0-1"]
[WhiteElo "1980"]
[BlackElo "1924"]
[PlyCount "70"]
[EventDate "2024.??.??"]

1. e4 b6 2. d4 Bb7 3. Nc3 e6 4. Nf3 Bb4 5. Bd3 Nf6 6. e5 Ne4 7. O-O Nxc3 8.
bxc3 Bxc3 9. Rb1 Nc6 10. Be4 d5 11. exd6 cxd6 12. Rb3 d5 13. Rxc3 dxe4 14. Ng5
Qxd4 15. Qxd4 Nxd4 16. Rc7 Ba6 17. Nxf7 Nb5 18. Nxh8 Nxc7 19. Re1 Bb7 20. Ba3
Nb5 21. Bb2 Kf8 22. c4 Nc7 23. Rd1 Bc6 24. Rd6 Be8 25. Rd4 Kg8 26. Rxe4 Kxh8
27. Rg4 Bg6 28. h4 Ne8 29. Rf4 Kg8 30. g4 Rd8 31. h5 Bf7 32. Be5 h6 33. a4 Rc8
34. Kf1 Rc5 35. Bc3 e5 0-1